Me. - Statistics

General Stats
  • This quiz has been taken 3 times
  • The average score is 8 of 12
Answer Stats
Hint Answer % Correct
what's my last name? bal
100%
my favourite drink? coca cola
100%
my favourite continent? europe
100%
my favourite piece of work i've done so far? egypt factsheet
67%
favourite holiday? greece
67%
my favourite city? liverpool
67%
what's my favourite colour? pink
67%
what team am i joining? staff travel
67%
best friend outside of work? tyra
67%
when's my birthday? 14th december
33%
what did i describe myself as on the first call? most annoying
33%
my favourite food? pizza
33%
No matching quizzes found
Score Distribution
Percent of People with Each Score
Percentile by Number Answered
Your Score History
You have not taken this quiz